Central Library OPAC University of Rajshahi

একাঙ্ক নাটকের রুপরেখা / (Record no. 41474)

MARC details
000 -LEADER
fixed length control field 00926nam a22002297a 4500
001 - CONTROL NUMBER
control field 41474
003 - CONTROL NUMBER IDENTIFIER
rucl marc code BD-RjUL
005 - DATE AND TIME OF LATEST TRANSACTION
control field 20211209053408.0
008 - FIXED-LENGTH DATA ELEMENTS--GENERAL INFORMATION
fixed length control field 160531s1984 ii ||||| |||| 00| 0 ben d
020 ## - INTERNATIONAL STANDARD BOOK NUMBER
Terms of availability : IRs 35.00
035 ## - SYSTEM CONTROL NUMBER
System control number (BD-RjUL)41592
040 ## - CATALOGING SOURCE
Original cataloging agency BD-RjUL
Language of cataloging ben
Transcribing agency BD-RjUL
041 ## - LANGUAGE CODE
Language code of text/sound track or separate title ben
082 ## - DEWEY DECIMAL CLASSIFICATION NUMBER
Edition number 23
Classification number 891.44209
Author mark and year EKA 1984
245 00 - TITLE STATEMENT
Title একাঙ্ক নাটকের রুপরেখা /
Statement of responsibility, etc. সরোজমোহন মিত্র সম্পাদিত
260 ## - PUBLICATION, DISTRIBUTION, ETC. (IMPRINT)
Place of publication, distribution, etc. কলিকাতা :
Name of publisher, distributor, etc. পুস্তক বিপণি,
Date of publication, distribution, etc. ১৯৮৪
300 ## - PHYSICAL DESCRIPTION
Pagination [১০], ২০১ পৃ. ;
Size ২১ সেমি.
650 ## - SUBJECT ADDED ENTRY--TOPICAL TERM
Topical term or geographic name as entry element বাংলা নাটক
General subdivision ইতিহাস ও সমালোচনা
9 (RLIN) 123674
Topical term or geographic name as entry element Bengali Drama
General subdivision History & Criticism
9 (RLIN) 127231
700 ## - ADDED ENTRY--PERSONAL NAME
Personal name মিত্র, সরোজমোহন, সম্পাদক
942 ## - ADDED ENTRY ELEMENTS (KOHA)
Source of classification or shelving scheme Dewey Decimal Classification
Koha item type Books
Holdings
Lost status Source of classification or shelving scheme Damaged status Not for loan Collection code Permanent Location Current Location Shelving location Date acquired Source of acquisition Cost, normal purchase price Total Checkouts Full call number Date last seen Copy number Koha item type
  Dewey Decimal Classification     Non-fiction Central Library, University of Rajshahi Central Library, University of Rajshahi   17/12/1996 Angkur 35.00   B 891.44209 EKA 1984 31/05/2016 C-2 Books
  Dewey Decimal Classification     Non-fiction Central Library, University of Rajshahi Central Library, University of Rajshahi   26/07/2005       B 891.44209 EKA 1984 11/08/2016 C-3 Books